ბათუმის შოთა რუსთაველის სახელმწიფო უნივერსიტეტის ბიბლიოთეკა

რომის სამართლის საფუძვლები : (ბიბ.ჩანაწერი № 62332)

000 -ლიდერი
ფიქსირებული სიგრძის საკონტროლო ველი 01472nam a22002417a 4500
003 - საკონტროლო ნომრის იდენტიფიკატორი
საკონტროლო ველი Ge_BSU
005 - ბოლო ოპერაციის თარიღი და დრო
საკონტროლო ველი 20241007163240.0
008 - ფიქსირებული სიგრძის მონაცემთა ელემენტები - ზოგადი ინფორმაცია
ფიქსირებული სიგრძის საკონტროლო ველი 241007s2024 ge ||||| |||| 00| 0 geo d
020 ## - წიგნის საერთაშორისო სტანდარტული ნომერი
International Standard Book Number 9789941345302
041 ## - ენის კოდი
Language code of text/sound track or separate title geo
080 ## - უნივერსალური ათობითი კლასიფიკაციის ინდექსი
Universal Decimal Classification number 34(37) ბ-87
100 ## - მთავარი ჩანაწერი - პიროვნების სახელი
Personal name ბოსტოღანაშვილი, დავით
9 (RLIN) 23329
245 ## - ცნობა სათაურის შესახებ
Title რომის სამართლის საფუძვლები :
Remainder of title [სახელმძღვანელო] /
Statement of responsibility, etc დავით ბოსტოღანაშვილი, ნუგზარ სურგულაძე ; რედაქტორი მარინა გარიშვილი.
264 ## - წარმოების, გამოცემის, დისტრიბუციის და სხვა ცნობები
გამოცემის, წარმოების, დისტრიბუციის... ადგილი თბილისი :
გამოცემის, წარმოების, დისტრიბუციის... სახელწოდება მერიდიანი,
გამოცემის, წარმოების, დისტრიბუციის... თარიღი 2024.
300 ## - ფიზიკური აღწერა
Extent 174 გვ. ;
Other physical details 20 სმ.
500 ## - ზოგადი შენიშვნა
General note სახელმძღვანელო გამოიცა აღმოსავლეთ ევროპის უნივერსიტეტის ფინანსური მხარდაჭერით.
504 ## - BIBLIOGRAPHY, ETC. NOTE
Bibliography, etc ბიბლიოგრაფია ტექსტის შენიშვნებში და გვ. 171-173.
653 ## - INDEX TERM--UNCONTROLLED
Uncontrolled term სამართალი -- რომი
700 ## - ADDED ENTRY--PERSONAL NAME
Personal name სურგულაძე, ნუგზარ
Relator term ავტორი
9 (RLIN) 16622
700 ## - ADDED ENTRY--PERSONAL NAME
Personal name გარიშვილი, მარინა
Relator term რედაქტორი.
9 (RLIN) 17275
773 ## - HOST ITEM ENTRY
Title ნაჩუქარი
942 ## - ADDED ENTRY ELEMENTS (KOHA)
Source of classification or shelving scheme
Koha item type წიგნი
ეგზემპლარები
ჩამოწერის სტატუსი დაკარგული ეგზემპლარის სტატუსი კლასიფიკაციის წყარო ან თაროზე გაწყობის სქემა დაზიანების სტატუსი არ გაიცემა მუდმივი მდებარეობა (დაცვის ადგილი) ამჟამინდელი ადგილსამყოფელი თაროზე განთავსების ადგილი შეძენის თარიღი ღირებულება, შესყიდვის ნორმალური ფასი სრული შენახვის შიფრი შტრიხკოდი ბოლო ოპერაციის თარიღი ეგზემპლარის მიმდევრობითი ნომერი (კეტერი?) ფასის ძალაში შესვლის თარიღი ეგზემპლარის სახეობა საჯარო შენიშვნა
          ბათუმის შოთა რუსთაველის სახელმწიფო უნივერსიტეტის მთავარი ბიბლიოთეკა ბათუმის შოთა რუსთაველის სახელმწიფო უნივერსიტეტის მთავარი ბიბლიოთეკა წიგნის კალათა 2024-10-07 15.00 34(37) ბ-87 69147 2024-10-07 69147 2024-10-07 წიგნი 15 ლ.
          ბათუმის შოთა რუსთაველის სახელმწიფო უნივერსიტეტის მთავარი ბიბლიოთეკა ბათუმის შოთა რუსთაველის სახელმწიფო უნივერსიტეტის მთავარი ბიბლიოთეკა წიგნის კალათა 2024-10-07 15.00 34(37) ბ-87 69148 2024-10-07 69148 2024-10-07 წიგნი 15 ლ.
          ბათუმის შოთა რუსთაველის სახელმწიფო უნივერსიტეტის მთავარი ბიბლიოთეკა ბათუმის შოთა რუსთაველის სახელმწიფო უნივერსიტეტის მთავარი ბიბლიოთეკა წიგნის კალათა 2024-10-07 15.00 34(37) ბ-87 69149 2024-10-07 69149 2024-10-07 წიგნი 15 ლ.
          ბათუმის შოთა რუსთაველის სახელმწიფო უნივერსიტეტის მთავარი ბიბლიოთეკა ბათუმის შოთა რუსთაველის სახელმწიფო უნივერსიტეტის მთავარი ბიბლიოთეკა წიგნის კალათა 2024-10-07 15.00 34(37) ბ-87 69150 2024-10-07 69150 2024-10-07 წიგნი 15 ლ.